| 000 | 00513nam a2200205Ia 4500 | ||
|---|---|---|---|
| 008 | 230125s9999 xx 000 0 und d | ||
| 020 | _a81-7381-276-4 | ||
| 041 | _aeng | ||
| 082 | _a658.404 | ||
| 100 |
_aGhosh S _9112332 |
||
| 245 | _aProject management and control | ||
| 260 |
_c1997 _bNew Central Book Agency _aCalcutta |
||
| 300 | _a378p | ||
| 500 | _aProject management | ||
| 500 | _aProject management | ||
| 650 | _aManagement | ||
| 700 |
_aGhosh S _9112332 |
||
| 906 | _b25 | ||
| 999 |
_c89275 _d89275 |
||